| 000 | 00359nam a22001217a 4500 | ||
|---|---|---|---|
| 008 | 180420b xxu||||| |||| 00| 0 eng d | ||
| 041 | _aeng | ||
| 080 | _a043.3 | ||
| 100 | _a0 | ||
| 101 | _aSHKI-BA | ||
| 245 |
_aZhvillimi i Web dhe Android Aplikacionit "Deluxe Car" dhe Implementimi i Web Sherbimeve te Bazuara ne Rest dhe Soap _cHasani, D |
||
| 942 |
_2udc _cBK |
||
| 999 |
_c45329 _d45329 |
||